El mundo biológico

Guardado en:
Detalles Bibliográficos
Autor principal: Nason, Alvin (autor)
Formato: Libro
Lenguaje:español
Publicado: Ciudad de México, México Limusa 1980
Materias:
Etiquetas: Agregar Etiqueta
Sin Etiquetas, Sea el primero en etiquetar este registro!

MARC

LEADER 00000nam a2200000 a 4500
001 UCW5622
003 CL-VaPUC
005 20230112074250.0
008 910618e19800000MX |||||||||||||||||spa|d
999 |c 218990  |d 218988 
040 |c Pontificia Universidad Católica de Valparaíso 
082 0 4 |a 570 NAS 1980  |2 21 
100 |a Nason, Alvin  |e autor  |9 344082 
245 1 3 |a El mundo biológico 
260 0 3 |a Ciudad de México, México  |b Limusa  |c 1980 
300 |a 841 páginas 
583 |a last modification  |c 19910618 00:00:00  |k Rodrigo Vera 
650 0 |a Biología  |9 262022 
942 |c BK  |2 ddc 
945 |d 19910618 00:00:00 
952 |0 0  |1 0  |2 ddc  |4 0  |6 570_000000000000000_NAS_1980  |7 0  |8 A  |9 209387  |a BIBCUR  |b BIBCUR  |d 2019-11-15  |i 2866285  |l 1  |o 570 NAS 1980  |p 2866285  |r 2025-04-22  |s 2024-09-10  |t 1  |w 2019-11-15  |y BK  |k BIO